000 02308nam0a2200325 4500
001 RU\NLR\bibl\1715706
005 20260408011548.0
010 _a978-5-7565-0412-5
_9100
021 _aRU
_b2010-91847
_96177
035 _a(NLR Aleph) 001706720
090 _a1254568
_c1254568
100 _a20101217d2010 |||y0rusy50 ca
101 0 _arus
102 _aRU
105 _aa |||||||||
200 1 _aМоя нижегородская отчина
_eметодические рекомендации и практический опыт краеведческо-экскурсионной деятельности в помощь педагогам учреждений основного и дополнительного образования детей, организаторам туристско-краеведческой работы, юным краеведам
_fМ-во образования Нижегород. обл., Гос. образоват. учеждение доп. образования детей "Центр детского и юношеского туризма и экскурсий Нижегород. обл."
_g[редкол. Г.А. Горбунов, Т.Ю. Слесарева]
210 _aНижний Новгород
_cНижегородский институт развития образования
_d2010
215 _a188, [3] c.
_cил.
_d20
320 _aБиблиогр. в конце отд. ст.
606 1 _aКраеведческая работа
_jМетодические пособия
_xСредняя школа
_xНижегородская область
_92552302
_3RU\NLR\AUTH\661510190
606 1 _aКраеведческая работа
_jМетодические пособия
_xСредняя школа
_xНижегородская область
_92552302
_3RU\NLR\auth\661510190
686 _aЧ421.385.44я8
702 1 _aГорбунов
_bГ. А.
_gГеннадий Александрович
_4340
712 0 2 _4570
_aЦентр детского и юношеского туризма и экскурсий Нижегородской области
_9842693
_3RU\NLR\AUTH\8810173412
801 0 _aRU
_bNLR
_c20101217
_gRCR
801 1 _aRU
_bNLR
_c20101217
942 _cBOOK
980 _aNB